000
00277nam a2200097Ia 4500
001
645967
005
20250826153633.0
008
250824s9999 xx 000 0 und d
245
0
_a
KARALTI ÇETESİNİN PEŞİNDE İSTANBUL DEDEKTİFLERİ
_c
MUSTAFA ORAKÇI
260
_b
GENÇ TİMAŞ
999
_c
645967
_d
645967